| 000 | 00749nam a2200253 a 4500 | ||
|---|---|---|---|
| 001 | 445657 | ||
| 003 | OSt | ||
| 005 | 20140310182119.0 | ||
| 008 | 831220s1984 ilua 001 0 eng | ||
| 010 | _a 82074188 | ||
| 020 | _a0026770407 | ||
| 040 |
_aDLC _cDLC _dDLC |
||
| 050 | 0 | 0 |
_aTT 180 _b.F417 1988 |
| 082 | 0 | 0 |
_aHS 684.08 _bF32 1988 |
| 100 | 1 |
_aFeirer, John Louis. _913944 |
|
| 245 | 1 | 0 |
_aBeginning woodwork / _cJohn L. Feirer. |
| 260 |
_aPeoria, Ill. : _bBennett Pub. Co., _cc1988. |
||
| 300 |
_a349 p. : _bill. (some col.) ; _c24 cm. |
||
| 650 | 0 |
_aWoodwork (Manual training) _913924 |
|
| 700 | 1 |
_aFeirer, John Louis. _tBench woodwork. _913945 |
|
| 906 |
_a7 _bcbc _corignew _d2 _eopcn _f19 _gy-gencatlg |
||
| 942 |
_2lcc _cHS |
||
| 999 |
_c9516 _d9516 |
||